Eye level : (Record no. 2)

MARC details
000 -LEADER
campo de control de longitud fija 03492cam a2200493 i 4500
001 - NÚMERO DE CONTROL
campo de control 19573975
003 - IDENTIFICADOR DE NÚMERO DE CONTROL
campo de control OSt
005 - FECHA Y HORA DE LA ÚLTIMA TRANSACCIÓN
campo de control 20250725113918.0
008 - DATOS DE LONGITUD FIJA--INFORMACIÓN GENERAL
campo de control de longitud fija 170328s2018 mnu b 000 p eng c
010 ## - NÚMERO DE CONTROL DE LA BIBLIOTECA DEL CONGRESO
Número de control de LC 2017938013
020 ## - NÚMERO INTERNACIONAL ESTÁNDAR DEL LIBRO
Número Internacional Estándar del Libro 9781555978020 (softcover)
020 ## - NÚMERO INTERNACIONAL ESTÁNDAR DEL LIBRO
Número Internacional Estándar del Libro 1555978029 (softcover)
024 8# - IDENTIFICADOR DE OTROS ESTÁNDARES
Número estándar o código 99976497190
035 ## - NÚMERO DE CONTROL DEL SISTEMA
Número de control de sistema (OCoLC)on1021230553
040 ## - FUENTE DE CATALOGACIÓN
Centro catalogador/agencia de origen TOH
Lengua de catalogación eng
Centro/agencia transcriptor TOH
Normas de descripción rda
Centro/agencia modificador POETS
-- GZD
-- YDX
-- BDX
-- CLE
-- NYP
-- UAB
-- EAU
-- TOH
-- OCLCO
-- WLU
-- EYM
-- JTH
-- IAY
-- IPU
-- OBE
-- OCLCF
-- DLC
042 ## - CÓDIGO DE AUTENTICACIÓN
Código de autenticación pcc
050 00 - SIGNATURA TOPOGRÁFICA DE LA BIBLIOTECA DEL CONGRESO
Número de clasificación PS3624.I4
Número de ítem A6 2018
100 ## - ENTRADA PRINCIPAL--NOMBRE DE PERSONA
Nombre de persona Xie, Jenny
Término indicativo de función/relación author
9 (RLIN) 2
240 10 - TÍTULO UNIFORME
Título uniforme Poems.
Subencabezamiento de forma Selections
245 10 - MENCIÓN DEL TÍTULO
Título Eye level :
Resto del título poems /
Mención de responsabilidad, etc. Jenny Xie.
264 #1 - PRODUCCIÓN, PUBLICACIÓN, DISTRIBUCIÓN, FABRICACIÓN Y COPYRIGHT
Producción, publicación, distribución, fabricación y copyright Minneapolis, Minnesota :
Nombre del de productor, editor, distribuidor, fabricante Graywolf Press,
Fecha de producción, publicación, distribución, fabricación o copyright [2018]
300 ## - DESCRIPCIÓN FÍSICA
Extensión 79 pages ;
Dimensiones 23 cm
336 ## - TIPO DE CONTENIDO
Término de tipo de contenido text
Código de tipo de contenido txt
Fuente rdacontent
337 ## - TIPO DE MEDIO
Nombre/término del tipo de medio unmediated
Código del tipo de medio n
Fuente rdamedia
338 ## - TIPO DE SOPORTE
Nombre/término del tipo de soporte volume
Código del tipo de soporte nc
Fuente rdacarrier
505 00 - NOTA DE CONTENIDO CON FORMATO
Título Rootless --
-- Unspoiled fictions --
-- Phnom Penh Diptych : wet season --
-- Phnom Penh Diptych : dry season --
-- Corfu --
-- Displacement --
-- Fortified --
-- Epistle --
-- Old wives' tales on which I was fed --
-- Solitude study --
-- Zuihitsu --
-- Alike, yet not quite --
-- Lunar New Year, 1988 --
-- Metamorphosis --
-- Naturalization --
-- Lineage --
-- Chinatown Diptych --
-- Origin story --
-- Captivity --
-- Private property --
-- Invisible relations --
-- Bildungsroman --
-- Visual orders --
-- Borderless --
-- No animal --
-- Melancholia --
-- Inwardly --
-- Square cells --
-- Tending --
-- Exit, Eve --
-- Hardwired --
-- The hunt --
-- Zazen --
-- To be a good Buddhist is ensnarement --
-- Margins --
-- Déjà vu --
-- Letters to Du Fu --
-- Exile --
-- A slow way --
-- Ongoing --
-- Long nights --
-- Notes.
520 ## - RESUMEN, ETC.
Sumario, etc. "Jenny Xie's award-winning debut, Eye Level, takes us far and near, to Phnom Penh, Corfu, Hanoi, New York, and elsewhere, as we travel closer and closer to the acutely felt solitude that centers this searching, moving collection. Animated by a restless inner questioning, these poems meditate on the forces that moor the self and set it in motion, from immigration to travel to estranging losses and departures. The sensual worlds here--colors, smells, tastes, and changing landscapes--bring to life questions about the self as seer and the self as seen. As Xie writes, "Me? I'm just here in my traveler's clothes, trying on each passing town for size." Her taut, elusive poems exult in a life simultaneously crowded and quiet, caught in between things and places, and never quite entirely at home. Xie is a poet of extraordinary perception--both to the tangible world and to "all that is untouchable as far as the eye can reach.""--Amazon.com.
586 ## - NOTA DE PREMIOS
Nota de premios Walt Whitman Award of the Academy of American Poets, 2017.
648 #7 - PUNTO DE ACCESO ADICIONAL DE MATERIA--TÉRMINO CRONOLÓGICO
Término cronológico 2000-2099
Fuente del encabezamiento o término fast
650 #0 - PUNTO DE ACCESO ADICIONAL DE MATERIA--TÉRMINO DE MATERIA
Término de materia o nombre geográfico como elemento de entrada Identity (Psychology)
Subdivisión de forma Poetry.
650 #0 - PUNTO DE ACCESO ADICIONAL DE MATERIA--TÉRMINO DE MATERIA
Término de materia o nombre geográfico como elemento de entrada Travel
Subdivisión de forma Poetry.
650 #0 - PUNTO DE ACCESO ADICIONAL DE MATERIA--TÉRMINO DE MATERIA
Término de materia o nombre geográfico como elemento de entrada American poetry
Subdivisión cronológica 21st century.
9 (RLIN) 3
650 #0 - PUNTO DE ACCESO ADICIONAL DE MATERIA--TÉRMINO DE MATERIA
Término de materia o nombre geográfico como elemento de entrada American poetry
Subdivisión general Asian American authors
Subdivisión cronológica 21st century.
650 #7 - PUNTO DE ACCESO ADICIONAL DE MATERIA--TÉRMINO DE MATERIA
Término de materia o nombre geográfico como elemento de entrada American poetry.
Fuente del encabezamiento o término fast
Número de control del registro de autoridad o número normalizado (OCoLC)fst00807348
650 #7 - PUNTO DE ACCESO ADICIONAL DE MATERIA--TÉRMINO DE MATERIA
Término de materia o nombre geográfico como elemento de entrada American poetry
Subdivisión general Asian American authors.
Fuente del encabezamiento o término fast
Número de control del registro de autoridad o número normalizado (OCoLC)fst00807354
650 #7 - PUNTO DE ACCESO ADICIONAL DE MATERIA--TÉRMINO DE MATERIA
Término de materia o nombre geográfico como elemento de entrada Identity (Psychology)
Fuente del encabezamiento o término fast
Número de control del registro de autoridad o número normalizado (OCoLC)fst00966892
650 #7 - PUNTO DE ACCESO ADICIONAL DE MATERIA--TÉRMINO DE MATERIA
Término de materia o nombre geográfico como elemento de entrada Travel.
Fuente del encabezamiento o término fast
Número de control del registro de autoridad o número normalizado (OCoLC)fst01155558
655 #7 - TERMINO DE INDIZACIÓN--GENERO/FORMA
Datos o término principal de género/forma Poetry.
Fuente del término fast
Número de control del registro de autoridad o número normalizado (OCoLC)fst01423828
655 #7 - TERMINO DE INDIZACIÓN--GENERO/FORMA
Datos o término principal de género/forma Poetry.
Fuente del término lcgft
906 ## - ELEMENTOS DE DATOS F LOCAL, LDF (RLIN)
a 7
b cbc
c pccadap
d 2
e ncip
f 20
g y-gencatlg
942 ## - ELEMENTOS DE ENTRADA SECUNDARIOS (KOHA)
Fuente de la clasificación o esquema de estantería Clasificación Decimal Dewey
Tipo de ítem Koha Libros
Suprimir en OPAC No
Holdings
Estatus retirado Estado de pérdida Fuente de la clasificación o esquema de estantería Estado de daño No para préstamo Biblioteca de origen Biblioteca actual Fecha de adquisición Total de préstamos Total de renovaciones Código de barras Fecha de vencimiento Visto por última vez Fecha del último préstamo Precio de reemplazo Tipo de ítem Koha
    Clasificación Decimal Dewey     Centerville Centerville 03/06/2025 2 4 0001 12/08/2025 03/06/2025 03/06/2025 03/06/2025 Libros